[Event "Szirak Interzonal"]
[Site "Szirak"]
[Date "1987.??.??"]
[Round "11"]
[White "Andersson, Ulf"]
[Black "Adorjan, Andras"]
[Result "1-0"]
[WhiteElo "2600"]
[BlackElo "2540"]
[Annotator "Ftacnik,L"]
[PlyCount "83"]
[EventDate "1987.07.??"]
[EventType "tourn"]
[EventRounds "17"]
[EventCountry "HUN"]
[EventCategory "12"]
[Source "ChessBase"]
[SourceDate "1988.04.01"]
[WhiteTeamCountry "CUB"]
[BlackTeamCountry "HUN"]

1. Nf3 c5 2. c4 Nf6 3. g3 b6 4. Bg2 Bb7 5. O-O g6 6. b3 Bg7 7. Bb2 O-O 8. Nc3
d6 9. e3 Nbd7 10. Qe2 a6 11. Rfd1 e6 12. d4 cxd4 13. Rxd4 d5 14. Rad1 Qb8 $2 (
14... Qc7 15. cxd5 Nxd5 16. Nxd5 Bxd5 17. Rh4 $5 Bxb2 18. Qxb2 Bxf3 19. Bxf3
Rad8 $14) 15. cxd5 Nxd5 16. Nxd5 Bxd5 17. e4 $1 Bxd4 (17... Bc6 18. Rxd7) 18.
Rxd4 Bc6 19. Qd2 $1 Qb7 (19... Rd8 20. Rd6 $1 Qb7 21. Qc3 $18) 20. Rd6 e5 (
20... Rac8 21. Qh6 f6 22. Bh3 Nc5 23. b4 $16) 21. Qc3 f6 (21... Rac8 22. Nxe5
Nxe5 23. Qxe5 f6 24. Rxf6 Rxf6 25. Qxf6 $18) 22. Qc4+ Kg7 23. Qxc6 $16 Qxc6 24.
Rxc6 Rac8 25. Rd6 Nc5 26. Ne1 $1 Rfd8 27. Rd5 a5 28. Kf1 a4 29. b4 Rxd5 30.
exd5 Nb7 31. Ke2 Nd6 32. Kd1 Kf7 (32... Nc4 33. Ba1) (32... a3 $6 33. Bxa3 Ra8
34. Nc2 Nb5 35. d6 Rd8 36. Bb2 Rxd6+ 37. Kc1) 33. Nc2 Ke7 34. Na3 h5 35. h4 Rg8
36. Bc1 $1 {/\ Be3} g5 37. hxg5 fxg5 38. Be3 h4 39. Bxb6 Rh8 40. Bc5 hxg3 41.
Nc4 Rh2 42. Bxd6+ 1-0

[Event "HUN-chT 8788"]
[Site "Hungary"]
[Date "1987.??.??"]
[Round "?"]
[White "Adorjan, Andras"]
[Black "Farago, Ivan"]
[Result "1/2-1/2"]
[WhiteElo "2560"]
[BlackElo "2535"]
[PlyCount "54"]
[EventDate "1988.??.??"]
[EventType "team"]
[EventRounds "13"]
[EventCountry "HUN"]
[Source "ChessBase"]
[SourceDate "2009.11.30"]
[WhiteTeamCountry "CUB"]
[BlackTeamCountry "HUN"]

1. c4 Nf6 2. Nc3 e5 3. Nf3 Nc6 4. g3 Bb4 5. Bg2 O-O 6. O-O e4 7. Ng5 Bxc3 8.
dxc3 Re8 9. Qc2 Qe7 10. Nh3 h6 11. Nf4 Qc5 12. b3 d6 13. Rd1 Bf5 14. Nd5 Nxd5
15. cxd5 Nb4 16. Qd2 e3 17. cxb4 exd2 18. bxc5 dxc1=Q 19. Rdxc1 Rxe2 20. Bf3
Rd2 21. Kg2 Bc2 22. a3 Bxb3 23. Rab1 Bxd5 24. Bxd5 Rxd5 25. Rxb7 c6 26. cxd6
Rxd6 27. Rc7 Rd5 1/2-1/2

[Event "HUN-chT 8788"]
[Site "Hungary"]
[Date "1987.??.??"]
[Round "?"]
[White "Adorjan, Andras"]
[Black "Farago, Sandor"]
[Result "1-0"]
[WhiteElo "2560"]
[BlackElo "2380"]
[PlyCount "49"]
[EventDate "1988.??.??"]
[EventType "team"]
[EventRounds "13"]
[EventCountry "HUN"]
[Source "ChessBase"]
[SourceDate "2009.11.30"]
[WhiteTeamCountry "CUB"]
[BlackTeamCountry "HUN"]

1. d4 Nf6 2. Nf3 e6 3. c4 c5 4. d5 b5 5. Bg5 h6 6. Bxf6 Qxf6 7. Nc3 b4 8. Nb5
Kd8 9. e4 g5 10. e5 Qg7 11. g4 Bb7 12. Qa4 a5 13. O-O-O f5 14. gxf5 g4 15. f6
Qg8 16. Nd2 exd5 17. Bg2 Bc6 18. cxd5 Bxd5 19. Bxd5 Qxd5 20. Rhe1 Qe6 21. Ne4
Qxe5 22. Ned6 Qg5+ 23. Rd2 Bxd6 24. Nxd6 Qxf6 25. Qb5 1-0

[Event "HUN-chT 8788"]
[Site "Hungary"]
[Date "1987.??.??"]
[Round "?"]
[White "Adorjan, Andras"]
[Black "Portisch, Lajos"]
[Result "0-1"]
[WhiteElo "2560"]
[BlackElo "2615"]
[PlyCount "60"]
[EventDate "1988.??.??"]
[EventType "team"]
[EventRounds "13"]
[EventCountry "HUN"]
[Source "ChessBase"]
[SourceDate "2009.11.30"]
[WhiteTeamCountry "CUB"]
[BlackTeamCountry "HUN"]

1. c4 e5 2. Nc3 Nf6 3. Nf3 Nc6 4. g3 d5 5. cxd5 Nxd5 6. Bg2 Nb6 7. d3 Be7 8.
O-O O-O 9. a3 Be6 10. b4 a5 11. b5 Nd4 12. Bb2 Nb3 13. Nxe5 Nxa1 14. Qxa1 f6
15. Nc4 Nxc4 16. dxc4 Qc8 17. Nd5 Bd8 18. Nf4 c6 19. Rd1 Bc7 20. bxc6 bxc6 21.
Bxc6 Bxf4 22. Bxa8 Qxa8 23. gxf4 Qe4 24. Rd3 Qxe2 25. Re3 Qg4+ 26. Rg3 Qf5 27.
c5 Bd5 28. Qc1 Re8 29. c6 Qc2 30. Rc3 Qxb2 0-1

[Event "Saint John op-2"]
[Site "Saint John"]
[Date "1988.??.??"]
[Round "?"]
[White "Adorjan, Andras"]
[Black "Nickoloff, Bryon"]
[Result "1-0"]
[WhiteElo "2540"]
[BlackElo "2390"]
[PlyCount "67"]
[EventDate "1988.01.??"]
[EventType "swiss"]
[EventRounds "9"]
[EventCountry "CAN"]
[Source "ChessBase"]
[SourceDate "1988.10.01"]
[WhiteTeamCountry "CUB"]
[BlackTeamCountry "HUN"]

1. c4 g6 2. Nf3 Bg7 3. d4 c5 4. d5 d6 5. Nc3 Nf6 6. g3 O-O 7. Bg2 e6 8. O-O
exd5 9. cxd5 Qe7 10. Bf4 Ne8 11. Re1 Nd7 12. Qd2 Rb8 13. Rab1 b6 14. b4 Ba6 15.
a4 Nc7 16. e4 f6 17. Qe2 Ne5 18. Nxe5 fxe5 19. Be3 Kh8 20. Qd2 Qd7 21. Rb2 Bc4
22. Rc1 Rfc8 23. Nb1 Ba6 24. b5 Bb7 25. Na3 Ne8 26. Nc4 Rd8 27. Rb3 Nf6 28. Bg5
Rf8 29. h3 Rbe8 30. a5 Qc7 31. Ra1 Nd7 32. Rba3 Kg8 33. R1a2 Kh8 34. h4 1-0

[Event "Saint John op-2"]
[Site "Saint John"]
[Date "1988.??.??"]
[Round "?"]
[White "Gallagher, Joseph"]
[Black "Adorjan, Andras"]
[Result "1/2-1/2"]
[WhiteElo "2480"]
[BlackElo "2540"]
[PlyCount "121"]
[EventDate "1988.01.??"]
[EventType "swiss"]
[EventRounds "9"]
[EventCountry "CAN"]
[Source "ChessBase"]
[SourceDate "1988.10.01"]
[WhiteTeamCountry "CUB"]
[BlackTeamCountry "HUN"]

1. e4 c6 2. d4 d5 3. Nd2 dxe4 4. Nxe4 Nd7 5. Bc4 Ndf6 6. Ng5 e6 7. Qd3 Bd6 8.
Bd2 h6 9. N5f3 Ne7 10. Ne2 b5 11. Bb3 O-O 12. Ng3 a5 13. a4 Ned5 14. Ne4 Ba6
15. axb5 Bxb5 16. Nxf6+ Nxf6 17. Bc4 Qb6 18. O-O a4 19. Rfe1 Bxc4 20. Qxc4 Qb5
21. Qxb5 cxb5 22. Ne5 Rfc8 23. c3 Bxe5 24. Rxe5 Nd5 25. Kf1 Ra6 26. Ra2 f6 27.
Re1 Kf7 28. Rea1 Rac6 29. Ra3 Ke7 30. b3 Nxc3 31. Bxc3 Rxc3 32. bxa4 Rxa3 33.
Rxa3 Ra8 34. a5 Kd6 35. Ke2 Kc6 36. Rc3+ Kb7 37. Rg3 g5 38. Re3 Ra6 39. Kd3 Rd6
40. Kc3 Ka6 41. Rh3 e5 42. dxe5 fxe5 43. Re3 Kxa5 44. Rxe5 Ka4 45. Re8 b4+ 46.
Kc2 b3+ 47. Kc1 Rc6+ 48. Kb1 Rc2 49. Rf8 g4 50. h3 gxh3 51. gxh3 Rc3 52. f4 Rf3
53. h4 Rf1+ 54. Kb2 Rf2+ 55. Kb1 Rh2 56. f5 Ka3 57. Ra8+ Kb4 58. f6 Rf2 59. Ra6
h5 60. Rc6 Rf4 61. Kb2 1/2-1/2

[Event "Saint John op-2"]
[Site "Saint John"]
[Date "1988.??.??"]
[Round "?"]
[White "Garcia, Gildardo"]
[Black "Adorjan, Andras"]
[Result "1/2-1/2"]
[WhiteElo "2430"]
[BlackElo "2540"]
[PlyCount "97"]
[EventDate "1988.01.??"]
[EventType "swiss"]
[EventRounds "9"]
[EventCountry "CAN"]
[Source "ChessBase"]
[SourceDate "1988.10.01"]
[WhiteTeamCountry "CUB"]
[BlackTeamCountry "HUN"]

1. e4 c6 2. d4 d5 3. Nc3 dxe4 4. Nxe4 Nd7 5. Bc4 Ndf6 6. Ng5 e6 7. N1f3 Bd6 8.
Qe2 h6 9. Ne4 Nxe4 10. Qxe4 Nf6 11. Qe2 b5 12. Bd3 Bb7 13. O-O O-O 14. Ne5 Qc7
15. Re1 Rad8 16. c3 b4 17. Bd2 bxc3 18. bxc3 c5 19. h3 cxd4 20. cxd4 Bxe5 21.
dxe5 Qc6 22. f3 Qc5+ 23. Kh2 Nd7 24. Rab1 Qxe5+ 25. Qxe5 Nxe5 26. Rxe5 Rxd3 27.
Bxh6 Bxf3 28. Rg5 Kh7 29. Bxg7 Rg8 30. Rf1 Rxg7 31. Rxg7+ Kxg7 32. Rxf3 Rd5 33.
Rc3 a5 34. g4 Kg6 35. Kg3 f5 36. gxf5+ Kxf5 37. Rc4 e5 38. h4 e4 39. h5 Rd3+
40. Kf2 Kf4 41. Rc5 Rf3+ 42. Kg2 Rg3+ 43. Kh2 Rg8 44. h6 e3 45. h7 Re8 46. Kg2
e2 47. h8=Q Rxh8 48. Kf2 Rh2+ 49. Ke1 1/2-1/2

[Event "Saint John op-2"]
[Site "Saint John"]
[Date "1988.??.??"]
[Round "?"]
[White "Rodriguez, Daniel Mauricio"]
[Black "Adorjan, Andras"]
[Result "1/2-1/2"]
[WhiteElo "2465"]
[BlackElo "2540"]
[PlyCount "24"]
[EventDate "1988.01.??"]
[EventType "swiss"]
[EventRounds "9"]
[EventCountry "CAN"]
[Source "ChessBase"]
[SourceDate "1988.10.01"]
[WhiteTeamCountry "CUB"]
[BlackTeamCountry "HUN"]

1. c4 c5 2. Nc3 g6 3. g3 Bg7 4. Bg2 Nc6 5. e3 e6 6. Nge2 Nge7 7. d4 cxd4 8.
Nxd4 O-O 9. O-O d5 10. cxd5 Nxd5 11. Nxd5 Nxd4 12. exd4 exd5 1/2-1/2

[Event "Saint John op-2"]
[Site "Saint John"]
[Date "1988.??.??"]
[Round "?"]
[White "Thorsteins, Karl"]
[Black "Adorjan, Andras"]
[Result "1/2-1/2"]
[WhiteElo "2445"]
[BlackElo "2540"]
[PlyCount "135"]
[EventDate "1988.01.??"]
[EventType "swiss"]
[EventRounds "9"]
[EventCountry "CAN"]
[Source "ChessBase"]
[SourceDate "1988.10.01"]
[WhiteTeamCountry "CUB"]
[BlackTeamCountry "HUN"]

1. d4 Nf6 2. c4 e6 3. Nc3 Bb4 4. e3 c5 5. Bd3 Nc6 6. Nge2 cxd4 7. exd4 d5 8.
cxd5 Nxd5 9. O-O O-O 10. a3 Bd6 11. Ne4 Nce7 12. Qc2 Bc7 13. Ng5 h6 14. Bh7+
Kh8 15. Bg8 f5 16. Nf7+ Rxf7 17. Bxf7 Qd6 18. g3 Qa6 19. Nc3 Bd7 20. Re1 Ba5
21. Nxd5 Nxd5 22. Bd2 Rc8 23. Qd1 Rf8 24. Bh5 Bc7 25. Bf3 Qd6 26. Qb3 Bc6 27.
Bb4 Nxb4 28. axb4 Bxf3 29. Qxf3 Bb6 30. Qxb7 Qxd4 31. Re2 Rf6 32. Rf1 Qc4 33.
Rfe1 f4 34. g4 Rg6 35. h3 h5 36. Qa8+ Kh7 37. Qf3 Bd4 38. Kh1 e5 39. gxh5 Rg5
40. Rg1 Rxg1+ 41. Kxg1 Kh6 42. Qg4 Qf7 43. Rc2 Qxh5 44. Rc6+ g6 45. Qc8 Qg5+
46. Kh2 e4 47. Rc7 Qf6 48. Rc6 Qh4 49. Rc2 f3 50. Qg4 Bxf2 51. Qxh4+ Bxh4 52.
Rc4 Kg5 53. Rxe4 Bf2 54. Rc4 Kf5 55. h4 g5 56. hxg5 Kxg5 57. Kh3 Kf5 58. Rc8
Bb6 59. Re8 Kf4 60. b5 Bd4 61. Re7 Bc5 62. Rc7 Bb6 63. Re7 Kf5 64. Kg3 f2 65.
Kg2 Kf6 66. Re8 Kf7 67. Re4 Kf6 68. Kf1 1/2-1/2

[Event "Reykjavik op"]
[Site "Reykjavik"]
[Date "1988.??.??"]
[Round "?"]
[White "Palsson, Bogi"]
[Black "Adorjan, Andras"]
[Result "0-1"]
[WhiteElo "2020"]
[BlackElo "2540"]
[PlyCount "66"]
[EventDate "1988.02.??"]
[EventType "swiss"]
[EventRounds "11"]
[EventCountry "ISL"]
[Source "ChessBase"]
[SourceDate "1994.03.01"]
[WhiteTeamCountry "CUB"]
[BlackTeamCountry "HUN"]

1. d4 Nf6 2. c4 e6 3. Nc3 Bb4 4. e3 c5 5. a3 Bxc3+ 6. bxc3 b6 7. Bd3 Bb7 8. f3
Nc6 9. Ne2 O-O 10. O-O Ba6 11. e4 Ne8 12. Be3 Nd6 13. dxc5 Nxc4 14. Bxc4 Bxc4
15. cxb6 axb6 16. Rf2 Qc7 17. Nd4 Ne5 18. Rd2 Ba6 19. Bf4 d6 20. Nb3 Rfd8 21.
Bxe5 dxe5 22. Rxd8+ Rxd8 23. Qc2 h6 24. h3 Rd3 25. Rc1 Qc4 26. Kh2 Kh7 27. Qb2
Re3 28. Rc2 Bb5 29. Nd2 Qd3 30. Qb3 Re2 31. a4 Be8 32. Qa2 Rf2 33. Rb2 Qe2 0-1

[Event "Akureyri"]
[Site "Akureyri"]
[Date "1988.??.??"]
[Round "?"]
[White "Adorjan, Andras"]
[Black "Hjartarson, Johann"]
[Result "1/2-1/2"]
[WhiteElo "2540"]
[BlackElo "2590"]
[PlyCount "105"]
[EventDate "1988.03.??"]
[EventType "tourn"]
[EventRounds "11"]
[EventCountry "ISL"]
[EventCategory "10"]
[Source "ChessBase"]
[SourceDate "1989.02.01"]
[WhiteTeamCountry "CUB"]
[BlackTeamCountry "HUN"]

1. c4 e5 2. Nc3 Nf6 3. Nf3 Nc6 4. g3 Bb4 5. Bg2 O-O 6. O-O e4 7. Ng5 Bxc3 8.
dxc3 Re8 9. Qc2 Qe7 10. Nh3 h6 11. Nf4 Qe5 12. Rd1 Ne7 13. Be3 c5 14. Nd5 Nexd5
15. cxd5 b6 16. c4 d6 17. Bf4 Qe7 18. b4 cxb4 19. Qa4 g5 20. Be3 Ng4 21. Bd4 f5
22. f3 Ne3 23. Bxe3 exf3 24. Bxg5 f2+ 25. Kxf2 hxg5 26. Qxb4 Qe3+ 27. Kf1 f4
28. Qxd6 Bf5 29. gxf4 Re7 30. Qxe7 Qxe7 31. d6 Qf8 32. Bxa8 Qxa8 33. Rd5 Be6
34. Rad1 gxf4 35. d7 Qd8 36. h4 Bxd5 37. Rxd5 Kf7 38. h5 a6 39. h6 Kg6 40. Rd6+
Kh7 41. a3 a5 42. a4 Kg8 43. Kg2 f3+ 44. exf3 Qg5+ 45. Kf1 Qc1+ 46. Kg2 Qg5+
47. Kf1 Qc1+ 48. Ke2 Qxc4+ 49. Rd3 Qc2+ 50. Rd2 Qc4+ 51. Rd3 Qc2+ 52. Rd2 Qc4+
53. Rd3 1/2-1/2

[Event "Akureyri"]
[Site "Akureyri"]
[Date "1988.??.??"]
[Round "?"]
[White "Adorjan, Andras"]
[Black "Kristjansson, Olafur"]
[Result "1-0"]
[WhiteElo "2540"]
[BlackElo "2225"]
[PlyCount "83"]
[EventDate "1988.03.??"]
[EventType "tourn"]
[EventRounds "11"]
[EventCountry "ISL"]
[EventCategory "10"]
[Source "ChessBase"]
[SourceDate "1989.02.01"]
[WhiteTeamCountry "CUB"]
[BlackTeamCountry "HUN"]

1. c4 e5 2. Nc3 d6 3. d4 exd4 4. Qxd4 Nf6 5. b3 g6 6. Bb2 Bg7 7. g3 O-O 8. Bg2
Nbd7 9. Nf3 Re8 10. Qd2 Nc5 11. O-O a5 12. Nd4 c6 13. Rab1 a4 14. b4 Nce4 15.
Nxe4 Nxe4 16. Qc2 Qe7 17. a3 h5 18. Rbd1 h4 19. Nf3 h3 20. Bh1 Bf5 21. Qc1 Nf6
22. Nh4 Bd7 23. Rfe1 Rad8 24. Qa1 Be6 25. Rc1 d5 26. c5 Nh5 27. Nf3 Bxb2 28.
Qxb2 Bc8 29. Rcd1 Bf5 30. Nd4 Be4 31. f3 Bf5 32. e3 Qg5 33. Qf2 Bc8 34. Rb1 Bf5
35. Rb2 Bd3 36. b5 cxb5 37. Nxb5 Qe5 38. Nd6 Re7 39. Qd2 Nxg3 40. f4 Qh5 41.
hxg3 Be4 42. Bxe4 1-0

[Event "Akureyri"]
[Site "Akureyri"]
[Date "1988.??.??"]
[Round "?"]
[White "Adorjan, Andras"]
[Black "Olafsson, Helgi"]
[Result "1/2-1/2"]
[WhiteElo "2540"]
[BlackElo "2510"]
[PlyCount "33"]
[EventDate "1988.03.??"]
[EventType "tourn"]
[EventRounds "11"]
[EventCountry "ISL"]
[EventCategory "10"]
[Source "ChessBase"]
[SourceDate "1989.02.01"]
[WhiteTeamCountry "CUB"]
[BlackTeamCountry "HUN"]

1. c4 Nf6 2. Nc3 e5 3. Nf3 Nc6 4. g3 Bb4 5. Bg2 O-O 6. O-O e4 7. Ng5 Bxc3 8.
dxc3 Re8 9. Qc2 Qe7 10. Nh3 d6 11. Bg5 h6 12. Bxf6 Qxf6 13. Nf4 Bf5 14. Nd5 Qd8
15. Ne3 Bh7 16. Rad1 b6 17. Qd2 1/2-1/2

[Event "Akureyri"]
[Site "Akureyri"]
[Date "1988.??.??"]
[Round "?"]
[White "Adorjan, Andras"]
[Black "Tisdall, Jonathan D"]
[Result "1-0"]
[WhiteElo "2540"]
[BlackElo "2425"]
[PlyCount "79"]
[EventDate "1988.03.??"]
[EventType "tourn"]
[EventRounds "11"]
[EventCountry "ISL"]
[EventCategory "10"]
[Source "ChessBase"]
[SourceDate "1989.02.01"]
[WhiteTeamCountry "CUB"]
[BlackTeamCountry "HUN"]

1. d4 Nf6 2. c4 e6 3. Nf3 b6 4. g3 Ba6 5. Nbd2 Bb7 6. Bg2 Be7 7. e4 Nxe4 8. Ne5
Bb4 9. Qg4 O-O 10. Bxe4 f5 11. Bxb7 fxg4 12. Bxa8 c6 13. O-O Qc7 14. Ne4 Na6
15. Bxc6 dxc6 16. Bf4 Qb7 17. c5 bxc5 18. a3 Ba5 19. dxc5 Bc7 20. b4 g5 21.
Nxg5 Bxe5 22. Bxe5 Rf5 23. Bf4 e5 24. Be3 Qg7 25. Rad1 Rxg5 26. Rd8+ Kf7 27.
Rd7+ Ke6 28. Rxg7 Rxg7 29. Rd1 Rd7 30. Rxd7 Kxd7 31. Kg2 e4 32. h3 gxh3+ 33.
Kxh3 Nc7 34. Kg4 Ke6 35. Kg5 Nb5 36. Bc1 Nc3 37. g4 Nd5 38. Be3 a6 39. Bd4 Kf7
40. Kf5 1-0

[Event "Akureyri"]
[Site "Akureyri"]
[Date "1988.??.??"]
[Round "?"]
[White "Arnason, Jon L"]
[Black "Adorjan, Andras"]
[Result "1/2-1/2"]
[WhiteElo "2510"]
[BlackElo "2540"]
[PlyCount "80"]
[EventDate "1988.03.??"]
[EventType "tourn"]
[EventRounds "11"]
[EventCountry "ISL"]
[EventCategory "10"]
[Source "ChessBase"]
[SourceDate "1989.02.01"]
[WhiteTeamCountry "CUB"]
[BlackTeamCountry "HUN"]

1. e4 c6 2. d4 d5 3. Nd2 dxe4 4. Nxe4 Nd7 5. Ng5 Ngf6 6. Bc4 e6 7. Qe2 Nb6 8.
Bb3 h6 9. N5f3 c5 10. Bf4 Nfd5 11. Be5 c4 12. Bxc4 Bb4+ 13. Kf1 Nxc4 14. Qxc4
O-O 15. Ne2 Be7 16. Qb3 b6 17. a3 Bb7 18. h3 Rc8 19. c4 Nf6 20. Rc1 Qd7 21. Kg1
Ne4 22. Qe3 Nd6 23. Bxd6 Bxd6 24. Ne5 Qa4 25. Nc3 Qb3 26. Nd1 Qa4 27. Nc3 Qb3
28. Nd1 Qxe3 29. Nxe3 Rfd8 30. Nf3 Bf4 31. Rd1 Bxe3 32. fxe3 Rxc4 33. Rd2 Rc1+
34. Kh2 Rxh1+ 35. Kxh1 Rc8 36. Kg1 Rc1+ 37. Kf2 f6 38. Rd3 Rb1 39. Rd2 Rc1 40.
Ng1 Ba6 1/2-1/2

[Event "Akureyri"]
[Site "Akureyri"]
[Date "1988.??.??"]
[Round "?"]
[White "Petursson, Margeir"]
[Black "Adorjan, Andras"]
[Result "1/2-1/2"]
[WhiteElo "2540"]
[BlackElo "2540"]
[PlyCount "64"]
[EventDate "1988.03.??"]
[EventType "tourn"]
[EventRounds "11"]
[EventCountry "ISL"]
[EventCategory "10"]
[Source "ChessBase"]
[SourceDate "1989.02.01"]
[WhiteTeamCountry "CUB"]
[BlackTeamCountry "HUN"]

1. d4 Nf6 2. c4 e6 3. Nf3 b6 4. Nc3 Bb7 5. a3 d5 6. cxd5 Nxd5 7. Qc2 Nxc3 8.
bxc3 c5 9. e4 Nd7 10. Bf4 Be7 11. Bd3 O-O 12. O-O Rc8 13. Qe2 Nf6 14. Rfe1 cxd4
15. cxd4 Rc3 16. Bd2 Rxa3 17. Rxa3 Bxa3 18. e5 Bxf3 19. Qxf3 Nd5 20. Qh3 g6 21.
Bh6 Re8 22. Bb5 Bf8 23. Bxe8 Qxe8 24. Bxf8 Qxf8 25. Rc1 a5 26. Qb3 Kg7 27. g3
Qa8 28. Qa4 Nb4 29. Qb5 Qf3 30. Qxb6 Nd3 31. Rf1 Nf4 32. gxf4 Qg4+ 1/2-1/2

[Event "Akureyri"]
[Site "Akureyri"]
[Date "1988.??.??"]
[Round "?"]
[White "Thorsteins, Karl"]
[Black "Adorjan, Andras"]
[Result "1/2-1/2"]
[WhiteElo "2440"]
[BlackElo "2540"]
[PlyCount "46"]
[EventDate "1988.03.??"]
[EventType "tourn"]
[EventRounds "11"]
[EventCountry "ISL"]
[EventCategory "10"]
[Source "ChessBase"]
[SourceDate "1989.02.01"]
[WhiteTeamCountry "CUB"]
[BlackTeamCountry "HUN"]

1. d4 Nf6 2. c4 e6 3. Nc3 Bb4 4. Qc2 O-O 5. a3 Bxc3+ 6. Qxc3 b5 7. cxb5 c6 8.
Bg5 cxb5 9. e3 Bb7 10. Nf3 h6 11. Bh4 a6 12. Bd3 Nc6 13. O-O Na5 14. Bxf6 gxf6
15. e4 Kg7 16. Rae1 Rg8 17. Qc1 Rc8 18. Qf4 Qc7 19. Qh4 Nc4 20. Re2 Qd8 21. Qf4
Qc7 22. Qh4 Qd8 23. Qf4 Qc7 1/2-1/2

[Event "Akureyri"]
[Site "Akureyri"]
[Date "1988.??.??"]
[Round "?"]
[White "Vidarsson, Jon G"]
[Black "Adorjan, Andras"]
[Result "1/2-1/2"]
[WhiteElo "2305"]
[BlackElo "2540"]
[PlyCount "38"]
[EventDate "1988.03.??"]
[EventType "tourn"]
[EventRounds "11"]
[EventCountry "ISL"]
[EventCategory "10"]
[Source "ChessBase"]
[SourceDate "1989.02.01"]
[WhiteTeamCountry "CUB"]
[BlackTeamCountry "HUN"]

1. e4 c6 2. c4 d5 3. exd5 cxd5 4. cxd5 Nf6 5. Bb5+ Nbd7 6. Nc3 a6 7. Qa4 Rb8 8.
Bxd7+ Qxd7 9. Qxd7+ Bxd7 10. Nge2 Rd8 11. d4 Bb5 12. Nxb5 axb5 13. Be3 Nxd5 14.
Nc3 Nxe3 15. fxe3 b4 16. Nb5 g6 17. Ke2 Bh6 18. Rhc1 O-O 19. Rc4 e5 1/2-1/2

[Event "Esbjerg"]
[Site "Esbjerg"]
[Date "1988.??.??"]
[Round "?"]
[White "Adorjan, Andras"]
[Black "Hansen, Curt"]
[Result "1/2-1/2"]
[WhiteElo "2520"]
[BlackElo "2520"]
[PlyCount "58"]
[EventDate "1988.07.??"]
[EventType "tourn"]
[EventRounds "11"]
[EventCountry "DEN"]
[EventCategory "11"]
[Source "ChessBase"]
[SourceDate "1989.06.01"]
[WhiteTeamCountry "CUB"]
[BlackTeamCountry "HUN"]

1. d4 Nf6 2. c4 e6 3. Nf3 b6 4. g3 Ba6 5. Nbd2 Bb4 6. Qc2 Bb7 7. Bg2 Be4 8. Qd1
Bxd2+ 9. Bxd2 O-O 10. O-O d6 11. Bc3 Nbd7 12. Re1 d5 13. Qa4 a5 14. cxd5 exd5
15. Bh3 c5 16. Qb5 Qc7 17. Rac1 Rfb8 18. Bd2 Qa7 19. a4 h6 20. Be3 Rb7 21. Nd2
Bg6 22. Nb1 Ne4 23. Nc3 Ndf6 24. Red1 Rd8 25. Nxe4 Nxe4 26. Bf4 Re7 27. Bg2 Kh7
28. Kf1 f6 29. f3 c4 1/2-1/2

[Event "Esbjerg"]
[Site "Esbjerg"]
[Date "1988.??.??"]
[Round "?"]
[White "Adorjan, Andras"]
[Black "Mortensen, Erling"]
[Result "1/2-1/2"]
[WhiteElo "2520"]
[BlackElo "2470"]
[PlyCount "33"]
[EventDate "1988.07.??"]
[EventType "tourn"]
[EventRounds "11"]
[EventCountry "DEN"]
[EventCategory "11"]
[Source "ChessBase"]
[SourceDate "1989.06.01"]
[WhiteTeamCountry "CUB"]
[BlackTeamCountry "HUN"]

1. d4 Nf6 2. c4 g6 3. g3 Bg7 4. Bg2 O-O 5. Nc3 d6 6. Nf3 c6 7. O-O Qa5 8. e4 e5
9. h3 Nbd7 10. Re1 exd4 11. Nxd4 Ne5 12. Bf1 Re8 13. Be3 Be6 14. Nxe6 Rxe6 15.
Kg2 Rae8 16. Qb3 Qc7 17. Rac1 1/2-1/2

[Event "Esbjerg"]
[Site "Esbjerg"]
[Date "1988.??.??"]
[Round "?"]
[White "Hellers, Ferdinand"]
[Black "Adorjan, Andras"]
[Result "1/2-1/2"]
[WhiteElo "2490"]
[BlackElo "2520"]
[PlyCount "81"]
[EventDate "1988.07.??"]
[EventType "tourn"]
[EventRounds "11"]
[EventCountry "DEN"]
[EventCategory "11"]
[Source "ChessBase"]
[SourceDate "1989.06.01"]
[WhiteTeamCountry "CUB"]
[BlackTeamCountry "HUN"]

1. e4 c6 2. d4 d5 3. Nc3 dxe4 4. Nxe4 Nd7 5. Bc4 Ngf6 6. Ng5 e6 7. Qe2 Nb6 8.
Bd3 h6 9. N5f3 c5 10. dxc5 Bxc5 11. Bd2 a6 12. Ne5 Nbd5 13. Ngf3 Qc7 14. O-O-O
b5 15. g4 Bb7 16. g5 Nh5 17. gxh6 O-O-O 18. Qe1 gxh6 19. Kb1 f6 20. Ng6 Rhe8
21. Rf1 Kb8 22. Ba5 Bb6 23. Bxb6 Nxb6 24. Qe3 Nd5 25. Qe2 Nhf4 26. Nxf4 Qxf4
27. Bg6 Qb4 28. Qe1 Nc3+ 29. Qxc3 Qxc3 30. bxc3 Bxf3 31. Rd3 Rxd3 32. cxd3 Rg8
33. Bf7 Rg2 34. d4 e5 35. dxe5 fxe5 36. Re1 Rxh2 37. Rxe5 Rxf2 38. Bh5 Bxh5 39.
Rxh5 Rf6 40. Kb2 Kc7 41. Kb3 1/2-1/2

[Event "Esbjerg"]
[Site "Esbjerg"]
[Date "1988.??.??"]
[Round "?"]
[White "Karlsson, Lars"]
[Black "Adorjan, Andras"]
[Result "1/2-1/2"]
[WhiteElo "2520"]
[BlackElo "2520"]
[PlyCount "65"]
[EventDate "1988.07.??"]
[EventType "tourn"]
[EventRounds "11"]
[EventCountry "DEN"]
[EventCategory "11"]
[Source "ChessBase"]
[SourceDate "1989.06.01"]
[WhiteTeamCountry "CUB"]
[BlackTeamCountry "HUN"]

1. Nf3 c5 2. c4 Nf6 3. g3 b6 4. Bg2 Bb7 5. O-O e6 6. b3 Be7 7. Bb2 O-O 8. e3 d6
9. Nc3 Nbd7 10. Qe2 a6 11. Rfd1 Qc7 12. Rac1 Rfe8 13. d4 Rad8 14. d5 exd5 15.
Nxd5 Nxd5 16. cxd5 Qb8 17. Nd2 Bf6 18. Nc4 Bc8 19. e4 Ne5 20. h3 b5 21. Na5 Qb6
22. Nc6 Nxc6 23. Bxf6 gxf6 24. dxc6 Qxc6 25. Qh5 Bb7 26. Qh6 Rxe4 27. Kh2 Qe8
28. Rg1 Re7 29. Bxb7 Rxb7 30. Rce1 Re7 31. Qxf6 Rxe1 32. Qg5+ Kh8 33. Qf6+
1/2-1/2

[Event "Esbjerg"]
[Site "Esbjerg"]
[Date "1988.??.??"]
[Round "?"]
[White "Kosten, Anthony"]
[Black "Adorjan, Andras"]
[Result "0-1"]
[WhiteElo "2510"]
[BlackElo "2520"]
[PlyCount "124"]
[EventDate "1988.07.??"]
[EventType "tourn"]
[EventRounds "11"]
[EventCountry "DEN"]
[EventCategory "11"]
[Source "ChessBase"]
[SourceDate "1989.06.01"]
[WhiteTeamCountry "CUB"]
[BlackTeamCountry "HUN"]

1. e4 c5 2. Nf3 e6 3. d4 cxd4 4. Nxd4 Nf6 5. Nc3 d6 6. g4 h6 7. h4 Nc6 8. Rg1
h5 9. gxh5 Nxh5 10. Be3 a6 11. Be2 Nf6 12. h5 Bd7 13. Qd2 b5 14. a3 Rc8 15. f4
Qc7 16. Nxc6 Bxc6 17. Bf3 Qb7 18. Qd4 d5 19. h6 Rxh6 20. f5 Rh3 21. Bg2 Rxe3+
22. Qxe3 dxe4 23. fxe6 fxe6 24. O-O-O b4 25. axb4 Qxb4 26. Qh3 Kf7 27. Rdf1 Rb8
28. b3 Qd4 29. Rd1 Qe5 30. Rgf1 Kg8 31. Rfe1 Bb4 32. Re3 Nd5 33. Rxe4 Ba3+ 34.
Kd2 Qxc3+ 35. Qxc3 Nxc3 36. Kxc3 Bxe4 37. Bxe4 Rc8+ 38. Kd3 Bb4 39. Ke3 Kf7 40.
Rf1+ Ke7 41. Bg6 Bc3 42. Rf7+ Kd6 43. Ra7 a5 44. Ra6+ Ke7 45. Bd3 Rc5 46. Bc4
Re5+ 47. Kd3 Bb4 48. Rb6 g5 49. Rb5 Rf5 50. Rxf5 exf5 51. c3 Bd6 52. Bb5 g4 53.
b4 g3 54. Ke2 Bxb4 55. cxb4 axb4 56. Bc4 Kd6 57. Kf3 f4 58. Bb3 Ke5 59. Bd1 Kd4
60. Bc2 Kc3 61. Be4 b3 62. Kxf4 Kd4 0-1